|
|
|
|
| LEADER |
00704nam a2200217Ia 4500 |
| 001 |
CTU_28920 |
| 008 |
210402s9999 xx 000 0 und d |
| 020 |
|
|
|b .000đ
|
| 082 |
|
|
|a 370.1
|
| 082 |
|
|
|b A107
|
| 100 |
|
|
|a Hoàng, Anh
|
| 245 |
|
0 |
|a Giao tiếp sư phạm :
|
| 245 |
|
0 |
|b (Dùng cho các trường Đại học Sư phạm và Cao đẳng Sư phạm)
|
| 245 |
|
0 |
|c Hoàng Anh, Vũ Kim Thanh
|
| 260 |
|
|
|a Hà Nội
|
| 260 |
|
|
|b Giáo Dục
|
| 260 |
|
|
|c 1996
|
| 650 |
|
|
|a Education,Educational psychology,Giáo dục,Tâm lý học sư phạm
|
| 650 |
|
|
|x Research,Nghiên cứu
|
| 904 |
|
|
|i Minh
|
| 980 |
|
|
|a Trung tâm Học liệu Trường Đại học Cần Thơ
|